Les pays d'Afrique-mort subite - Statistiques

Statistiques générales
  • Ce quiz a été pris 1 271 fois
  • Le résultat moyen est 12 sur 13
Answers on the Grid
Answers color-coded by a green-red scale on the quiz's grid according to % correct below.
Suisse
Portugal
Qatar
Algerie
Etats-Unis
Maurice
Cameroun
Angola
France
Chine
Tunisie
Argentine
Inde
Honduras
Sénégal
Pakistan
Niger
Russie
Kenya
Ouzbekistan
Mexique
Namibie
Brésil
Espagne
Nigeria
Togo
Fidji
Somalie
Suriname
Soudan
 
Statistiques - réponses
Réponse % Correct
Kenya
93%
Sénégal
92%
Togo
92%
Cameroun
91%
Niger
91%
Nigeria
91%
Somalie
91%
Soudan
91%
Algerie
90%
Namibie
90%
Angola
89%
Tunisie
88%
Maurice
81%
Aucun quiz correspondant
Distribution des résultats
% des personnes avec chaque résultat
Percentile par nombre de réponses
Votre historique - résultats
Vous n’avez pas pris ce quiz